<?xml version="1.0" encoding="UTF-8"?>
<record
    xmlns:xsi="http://www.w3.org/2001/XMLSchema-instance"
    xsi:schemaLocation="http://www.loc.gov/MARC21/slim http://www.loc.gov/standards/marcxml/schema/MARC21slim.xsd"
    xmlns="http://www.loc.gov/MARC21/slim">

  <leader>02252nam a2200289Ia 4500</leader>
  <controlfield tag="001">K0629</controlfield>
  <controlfield tag="003">IT-RoPAU</controlfield>
  <controlfield tag="008">130308s9999    xx            000 0 und d</controlfield>
  <datafield tag="040" ind1=" " ind2=" ">
    <subfield code="a">IT-RoPAU</subfield>
  </datafield>
  <datafield tag="040" ind1=" " ind2=" ">
    <subfield code="c">IT-RoPAU</subfield>
  </datafield>
  <datafield tag="041" ind1=" " ind2=" ">
    <subfield code="a">ITALIANO  </subfield>
  </datafield>
  <datafield tag="100" ind1=" " ind2=" ">
    <subfield code="a">Bovero Anna</subfield>
  </datafield>
  <datafield tag="100" ind1=" " ind2=" ">
    <subfield code="g">Codice Aut. SPICS:  8893</subfield>
  </datafield>
  <datafield tag="245" ind1=" " ind2=" ">
    <subfield code="a">Immagini dell'arte  italiana attraverso i secoli. Vol. VI</subfield>
  </datafield>
  <datafield tag="245" ind1=" " ind2=" ">
    <subfield code="b">Immagini dell'arte  Italiana Attraverso I Secoli. Vol. VI                                                                                                  </subfield>
  </datafield>
  <datafield tag="250" ind1=" " ind2=" ">
    <subfield code="a">1a ed.</subfield>
  </datafield>
  <datafield tag="260" ind1=" " ind2=" ">
    <subfield code="a">TORINO</subfield>
  </datafield>
  <datafield tag="260" ind1=" " ind2=" ">
    <subfield code="b">UTET</subfield>
  </datafield>
  <datafield tag="260" ind1=" " ind2=" ">
    <subfield code="c">1967 [1&#xB0; Ed.:1967 - Ed.Ling.Originale:1967]</subfield>
  </datafield>
  <datafield tag="300" ind1=" " ind2=" ">
    <subfield code="a">"419 p. (prefazione: 13; testo: 406 [pagine: 0-0])"</subfield>
  </datafield>
  <datafield tag="500" ind1=" " ind2=" ">
    <subfield code="a">"Settecento: Andrea Pozzo; Sebastiano Conca; Francesco Trevisani; Camillo Rusconi; Giuseppe Mazzuoli; Bernardino Cametti; Filippo Raguzzini; Gabriele Valvassori; Giuseppe Sardi; Alessandro Galilei; Ferdinando Fuga; Pannini; Pompeo Batoni; Mengs; Oratori di Palermo; Architettura rococ&#xF2; in Sicilia; Francesco Solimena; Francesco De Mura; Giuseppe Bonito; Gaspare Traversi; Domenico A. Vaccaro; Luigi Vanvitelli; Michelangelo Garove; Giovanni B. Scapita; Filippo Juvara; Giuseppe Maria Crespi; Vittore Ghislandi; Sebastiano Riccci; Rosalba Carriera; Giovanni B. Pittoni; Giovanni B. Tiepolo; Giovanni B. Piazzetta; Canaletto; Ecc. Et&#xE0; Neoclassica: Giovanni B. Piranesi; Pompeo Batoni; Giuseppe Piermarini; tommaso Temanza; Antonio Selva; Antonio Canova; Giuseppe Valadier; Luigi Canina; tommaso Minardi; Pietro Tenerani; Filippo Agricola; Andrea Appiani; Luigi Cagnola; Ecc. Arte in Italia Epoca romantica Alla Fine '800: Carlo Amati; Vincenzo Vela; Federico Faruffini; Domenico Morelli; Giovanni Fattori; Silvestro Lega; Giovanni Boldini; Telemaco Signorini; Giuseppe De Nittis; Ecc. Orientamenti Arte Italiana Primo Quarantennio Nostro Secolo: Umberto Boccioni; Carlo Carra'; Gino Severini; Amedeo Modigliani; Giorgio Morandi; Casorati; Piero Marussing; Arturo tosi; Mario Sironi; Ottone Rosai; Filippo De Pisis; Giacomo Manzu'; Pier Luigi Nervi; Ec  D"</subfield>
  </datafield>
  <datafield tag="650" ind1=" " ind2=" ">
    <subfield code="a">ENCICLOPEDIE DELLE ARTI VISIVE</subfield>
  </datafield>
  <datafield tag="650" ind1=" " ind2=" ">
    <subfield code="e">Codice materia Spics: 5001</subfield>
  </datafield>
  <datafield tag="942" ind1=" " ind2=" ">
    <subfield code="c">BK</subfield>
  </datafield>
  <datafield tag="957" ind1=" " ind2=" ">
    <subfield code="7">1</subfield>
  </datafield>
  <datafield tag="999" ind1=" " ind2=" ">
    <subfield code="c">76949</subfield>
    <subfield code="d">76949</subfield>
  </datafield>
  <datafield tag="999" ind1=" " ind2=" ">
    <subfield code="g">1</subfield>
  </datafield>
  <datafield tag="952" ind1=" " ind2=" ">
    <subfield code="0">0</subfield>
    <subfield code="1">0</subfield>
    <subfield code="4">0</subfield>
    <subfield code="6">K_000000000000000_0629</subfield>
    <subfield code="7">1</subfield>
    <subfield code="a">SPICS</subfield>
    <subfield code="b">SPICS</subfield>
    <subfield code="d">2013-03-08</subfield>
    <subfield code="l">0</subfield>
    <subfield code="o">K0629</subfield>
    <subfield code="r">2013-03-08 00:00:00</subfield>
    <subfield code="w">2013-03-08</subfield>
    <subfield code="y">BK</subfield>
    <subfield code="z">Progressivo inserimento:  21276 /  N. Volumi: 1 Copie: 1  / data import: 1 marzo 2013 - By Epidotti, Trombetti, Vaglietti. </subfield>
  </datafield>
</record>
